[Event "España ch sub-14 2007"]
[Site "Linares ESP"]
[Date "2007.07.19"]
[Round "7.6"]
[White "Remoli Sargues, Lidia"]
[Black "Suarez Calvo, Alesandra"]
[Result "0-1"]
[WhiteElo "1894"]
[BlackElo "1970"]
[PlyCount "112"]
[EventDate "2007.07.15"]
[EventType "swiss"]
[EventRounds "9"]
[EventCountry "ESP"]
[Source "lmi"]
[SourceDate "2007.07.15"]

1. c4 e5 2. Nc3 Nf6 3. Nf3 d6 4. g3 g6 5. Bg2 Bg7 6. O-O O-O 7. d3 Bg4 8. Rb1
c6 9. h3 Be6 10. Qc2 Nbd7 11. b4 d5 12. Na4 dxc4 13. Nc5 cxd3 14. exd3 Nxc5 15.
bxc5 Qc7 16. Qb2 Nd7 17. d4 Bf5 18. Qxb7 Qxb7 19. Rxb7 exd4 20. Ba3 Rfb8 21.
Rxb8+ Rxb8 22. Rd1 Bc2 23. Rxd4 Bxd4 24. Nxd4 Ba4 25. Bxc6 Bxc6 26. Nxc6 Rb1+
27. Kg2 Ra1 28. Ne7+ Kf8 29. c6 Nb6 30. c7 Ke8 31. Bc5 Rc1 32. Bxb6 Kxe7 33.
Bxa7 Rxc7 34. Bb6 Rc6 35. Ba5 Ke6 36. a3 f5 37. h4 h6 38. Bb4 g5 39. hxg5 hxg5
40. Bd2 Kf6 41. Be3 Rc4 42. Bd2 f4 43. gxf4 gxf4 44. Bb4 Kf5 45. Kf3 Rd4 46.
Bf8 Rd3+ 47. Kg2 Kg4 48. Kf1 Kf3 49. Ke1 Rc3 50. Bb4 Rc2 51. Bd6 Re2+ 52. Kf1
Rd2 53. Bb4 Rd1+ 54. Be1 Ra1 55. a4 Rxa4 56. Kg1 Ra1 0-1

[Event "España ch sub-14 2007"]
[Site "Linares ESP"]
[Date "2007.07.19"]
[Round "7.7"]
[White "Anaya Lopez, Victor"]
[Black "Rioboo De La Riva, Alvaro"]
[Result "1-0"]
[WhiteElo "1959"]
[BlackElo "1911"]
[PlyCount "59"]
[EventDate "2007.07.15"]
[EventType "swiss"]
[EventRounds "9"]
[EventCountry "ESP"]
[Source "lmi"]
[SourceDate "2007.07.15"]

1. e4 e6 2. Nf3 d5 3. Nc3 Nf6 4. e5 Nfd7 5. d4 c5 6. dxc5 Bxc5 7. Bd3 Nc6 8.
Bf4 a6 9. Qe2 b5 10. O-O h6 11. Rfe1 Nb4 12. a3 Nxd3 13. Qxd3 g5 14. Be3 Qb6
15. Bxc5 Nxc5 16. Qe3 Bb7 17. Nd4 Rc8 18. Qf3 Nd7 19. Rad1 Rc4 20. Qe3 Qa5 21.
Nf5 exf5 22. e6 Nf6 23. exf7+ Kxf7 24. Qe7+ Kg6 25. Re6 Qd8 26. Rxf6+ Kh5 27.
Qf7+ Kg4 28. Rxf5 d4 29. h3+ Kh4 30. g3+ 1-0

[Event "España ch sub-14 2007"]
[Site "Linares ESP"]
[Date "2007.07.19"]
[Round "7.8"]
[White "Beltran De Heredia Eguiazabal, Miguel Angel"]
[Black "Pozueta Alegria, Adrian"]
[Result "0-1"]
[WhiteElo "1938"]
[BlackElo "1924"]
[PlyCount "66"]
[EventDate "2007.07.15"]
[EventType "swiss"]
[EventRounds "9"]
[EventCountry "ESP"]
[Source "lmi"]
[SourceDate "2007.07.15"]

1. e4 e6 2. d3 d5 3. Nd2 c5 4. Ngf3 Nc6 5. g3 Bd6 6. Bg2 Nge7 7. O-O O-O 8. Nh4
Rb8 9. f4 f5 10. exf5 Nxf5 11. Nxf5 Rxf5 12. Nf3 Bc7 13. c3 b5 14. Nh4 Rf8 15.
Kh1 a5 16. Be3 Bb6 17. d4 cxd4 18. cxd4 a4 19. Nf3 Na5 20. Ne5 Bc7 21. Nd3 Nc4
22. Bg1 Bd7 23. b4 Bd6 24. Nc5 Bxc5 25. dxc5 Bc6 26. Bd4 Qe8 27. Qg4 Qf7 28.
Rfe1 Rbe8 29. Bf1 e5 30. Bf2 d4+ 31. Bg2 Bxg2+ 32. Kxg2 Qd5+ 33. Kg1 Nd2 0-1

[Event "España ch sub-14 2007"]
[Site "Linares ESP"]
[Date "2007.07.19"]
[Round "7.9"]
[White "Jordan Martinez, Miguel"]
[Black "Aranaz Murillo, Amalia"]
[Result "0-1"]
[WhiteElo "1926"]
[BlackElo "1706"]
[PlyCount "63"]
[EventDate "2007.07.15"]
[EventType "swiss"]
[EventRounds "9"]
[EventCountry "ESP"]
[Source "lmi"]
[SourceDate "2007.07.15"]

1. e4 c6 2. d4 d5 3. e5 c5 4. Nf3 Nc6 5. c3 Bg4 6. Be3 cxd4 7. Bxd4 e6 8. Nbd2
Nge7 9. h3 Bxf3 10. Nxf3 Nf5 11. Bb5 Be7 12. g4 Nfxd4 13. Nxd4 Qb6 14. Qe2 a6
15. Bxc6+ bxc6 16. O-O-O Rb8 17. f4 c5 18. Nb3 a5 19. f5 a4 20. Na1 d4 21. c4
Qb4 22. h4 O-O 23. Kb1 Rb7 24. Rd2 Bd8 25. Qd3 Ba5 26. Rc2 Rfb8 27. Qe2 Qb6 28.
Rh2 a3 29. Nb3 axb2 30. Rxb2 Bc3 31. f6 Bxb2 32. Qxb2 0-1

[Event "España ch sub-14 2007"]
[Site "Linares ESP"]
[Date "2007.07.19"]
[Round "7.10"]
[White "Navarro Molina, David"]
[Black "Colon Garcia, Enrique"]
[Result "0-1"]
[WhiteElo "1726"]
[BlackElo "2041"]
[PlyCount "56"]
[EventDate "2007.07.15"]
[EventType "swiss"]
[EventRounds "9"]
[EventCountry "ESP"]
[Source "lmi"]
[SourceDate "2007.07.15"]

1. d4 Nf6 2. Nf3 e6 3. e3 b6 4. Bd3 Bb7 5. Nbd2 d5 6. O-O Be7 7. a3 O-O 8. b3
Nbd7 9. Bb2 c5 10. Ne5 Ne4 11. f3 Nxd2 12. Qxd2 f6 13. Nxd7 Qxd7 14. Kh1 Bd6
15. f4 Qe7 16. c4 Kh8 17. dxc5 bxc5 18. Qe2 f5 19. Bc3 Bc6 20. Rab1 a5 21. Qd2
Qc7 22. Rfc1 d4 23. exd4 Bxf4 24. Qe2 Bxc1 25. Rxc1 cxd4 26. Bxd4 Qf4 27. Be3
Qg4 28. Qd2 f4 0-1

[Event "España ch sub-14 2007"]
[Site "Linares ESP"]
[Date "2007.07.19"]
[Round "7.11"]
[White "Gonzalez Carro, Victor"]
[Black "Pruja Ramirez De Cartagena, Marc"]
[Result "0-1"]
[WhiteElo "1664"]
[BlackElo "2022"]
[PlyCount "84"]
[EventDate "2007.07.15"]
[EventType "swiss"]
[EventRounds "9"]
[EventCountry "ESP"]
[Source "lmi"]
[SourceDate "2007.07.15"]

1. e4 c5 2. Nf3 d6 3. c3 Nf6 4. h3 Nc6 5. Bd3 e6 6. O-O Be7 7. Bc2 O-O 8. Re1
Qc7 9. d4 cxd4 10. cxd4 b6 11. Nc3 a6 12. Be3 Bb7 13. Rc1 d5 14. e5 Nd7 15. Qd3
g6 16. a3 Rfc8 17. h4 Qd8 18. h5 Na5 19. hxg6 hxg6 20. Ne2 Nc4 21. b4 Bc6 22.
Bh6 Bb5 23. Qb3 Bc6 24. Nd2 Bg5 25. Bxg5 Qxg5 26. Nf3 Qe7 27. a4 Bb7 28. Bd3 b5
29. a5 Rc6 30. Rc3 Rac8 31. Rec1 Nb8 32. Bb1 R6c7 33. Nf4 Nc6 34. Nd3 Nb8 35.
Nc5 Nd7 36. Nxd7 Qxd7 37. Qc2 Rc6 38. Qe2 Nxa5 39. Rxc6 Nxc6 40. Qd3 Nxb4 41.
Rxc8+ Qxc8 42. Nh4 Nxd3 0-1

[Event "España ch sub-14 2007"]
[Site "Linares ESP"]
[Date "2007.07.19"]
[Round "7.12"]
[White "Vila Gonzalez, Daniel"]
[Black "Anaya Lopez, Gonzalo"]
[Result "0-1"]
[WhiteElo "2004"]
[BlackElo "1724"]
[PlyCount "104"]
[EventDate "2007.07.15"]
[EventType "swiss"]
[EventRounds "9"]
[EventCountry "ESP"]
[Source "lmi"]
[SourceDate "2007.07.15"]

1. e4 e6 2. Nf3 d5 3. Nc3 Nf6 4. e5 Nfd7 5. d4 Bb4 6. a3 Bxc3+ 7. bxc3 c5 8.
Bd3 Qa5 9. Bd2 c4 10. Be2 Nc6 11. O-O O-O 12. Ne1 Nb6 13. f4 Na4 14. Rf3 f6 15.
Rg3 f5 16. Bf1 Bd7 17. Nf3 Rac8 18. Ng5 h6 19. Nh3 Be8 20. Nf2 Kh7 21. h3 Ne7
22. Kh2 Rc6 23. Be2 Rb6 24. h4 Nb2 25. Qe1 Ba4 26. Qc1 Be8 27. Qe1 Na4 28. Qd1
Bf7 29. Nh3 Ng6 30. h5 Ne7 31. Ng1 Nc6 32. Rh3 Nb8 33. Nf3 Na6 34. Ng5+ Kg8 35.
Nxf7 Kxf7 36. g4 Nc7 37. gxf5 exf5 38. Qg1 Nb5 39. Rg3 Rg8 40. Bf3 Nc7 41. Rg6
Qa6 42. Rxb6 Qxb6 43. Rb1 Qc6 44. Qg6+ Qxg6 45. hxg6+ Kxg6 46. Rxb7 Rc8 47.
Rxa7 Nb6 48. Rb7 Nba8 49. a4 Re8 50. a5 Rd8 51. Kg3 Kf7 52. Bc1 Ke6 0-1

[Event "España ch sub-14 2007"]
[Site "Linares ESP"]
[Date "2007.07.19"]
[Round "8.1"]
[White "Antolin Concha, Diego"]
[Black "Pardo Simon, David"]
[Result "1/2-1/2"]
[WhiteElo "2077"]
[BlackElo "2080"]
[PlyCount "75"]
[EventDate "2007.07.15"]
[EventType "swiss"]
[EventRounds "9"]
[EventCountry "ESP"]
[Source "lmi"]
[SourceDate "2007.07.15"]

1. e4 e5 2. Nf3 Nf6 3. d4 Nxe4 4. Bd3 d5 5. Nxe5 Bd6 6. Nd2 Nxd2 7. Bxd2 Nd7 8.
O-O O-O 9. Nxd7 Bxd7 10. Qh5 f5 11. Rfe1 Qf6 12. c3 g6 13. Qf3 c6 14. Bf4 Rae8
15. h4 Re4 16. Bxd6 Rxe1+ 17. Rxe1 Qxd6 18. Re5 Re8 19. Qe3 Re6 20. f4 b6 21.
Kf2 Qe7 22. g3 Rxe5 23. Qxe5 Qxe5 24. dxe5 h5 25. b4 Kf7 26. Ke3 Ke7 27. Kd4
Be6 28. c4 dxc4 29. Bxc4 Bxc4 30. Kxc4 Ke6 31. a4 Ke7 32. a5 Ke6 33. a6 Ke7 34.
Kd4 Ke6 35. Kc4 Ke7 36. b5 c5 37. Kd5 Kd7 38. Kc4 1/2-1/2

[Event "España ch sub-14 2007"]
[Site "Linares ESP"]
[Date "2007.07.19"]
[Round "8.2"]
[White "Coll Ortega, Jordi"]
[Black "Baragaño Campa, David"]
[Result "1-0"]
[WhiteElo "2105"]
[BlackElo "2031"]
[PlyCount "85"]
[EventDate "2007.07.15"]
[EventType "swiss"]
[EventRounds "9"]
[EventCountry "ESP"]
[Source "lmi"]
[SourceDate "2007.07.15"]

1. c4 e6 2. g3 d5 3. Bg2 Nf6 4. Nf3 dxc4 5. Na3 Bxa3 6. bxa3 Nbd7 7. Qc2 Nb6 8.
Ne5 c3 9. dxc3 Nfd7 10. Nf3 Qe7 11. O-O Nc5 12. c4 f6 13. Nd4 O-O 14. Nb3 Nba4
15. Bd2 Rb8 16. Bb4 b6 17. Nd4 Qe8 18. Nc6 Ra8 19. Ne7+ Qxe7 20. Bxa8 Bd7 21.
Bg2 a5 22. Bd2 Kh8 23. Be3 Na6 24. Rad1 Rd8 25. Qc1 N6c5 26. h4 Qf7 27. Rd2 Rf8
28. Rfd1 Kg8 29. Qc2 Be8 30. Bf3 Na6 31. Bb7 N6c5 32. Be4 f5 33. Bf3 Kh8 34.
Bd4 Qe7 35. Be5 Qf7 36. Rd8 c6 37. Rc8 Bd7 38. Rc7 Qe8 39. Rcxd7 Nxd7 40. Bxc6
Nac5 41. Bd6 Rf7 42. Bxc5 bxc5 43. Qd2 1-0

[Event "España ch sub-14 2007"]
[Site "Linares ESP"]
[Date "2007.07.19"]
[Round "8.3"]
[White "Aranaz Murillo, Amalia"]
[Black "Arribas Lopez, Angel"]
[Result "0-1"]
[WhiteElo "1706"]
[BlackElo "2292"]
[PlyCount "64"]
[EventDate "2007.07.15"]
[EventType "swiss"]
[EventRounds "9"]
[EventCountry "ESP"]
[Source "lmi"]
[SourceDate "2007.07.15"]

1. Nf3 Nf6 2. c4 g6 3. Nc3 Bg7 4. e4 d6 5. d4 O-O 6. Be2 Nbd7 7. Be3 e5 8. d5
Ng4 9. Bd2 a5 10. a3 Nc5 11. b4 axb4 12. axb4 Rxa1 13. Qxa1 Nb3 14. Qa2 Nxd2
15. Nxd2 f5 16. Bxg4 fxg4 17. O-O h5 18. c5 h4 19. Nc4 g3 20. fxg3 hxg3 21.
hxg3 Rxf1+ 22. Kxf1 dxc5 23. bxc5 Kh7 24. Qf2 Qg5 25. Ne2 Bd7 26. Na3 Bg4 27.
Nc4 Bd7 28. Na3 Qd2 29. Qf3 Qb4 30. Kg1 Qxc5+ 31. Kh2 b5 32. Qf7 Bg4 0-1

[Event "España ch sub-14 2007"]
[Site "Linares ESP"]
[Date "2007.07.19"]
[Round "8.4"]
[White "Suarez Calvo, Alesandra"]
[Black "Anaya Lopez, Victor"]
[Result "0-1"]
[WhiteElo "1970"]
[BlackElo "1959"]
[PlyCount "68"]
[EventDate "2007.07.15"]
[EventType "swiss"]
[EventRounds "9"]
[EventCountry "ESP"]
[Source "lmi"]
[SourceDate "2007.07.15"]

1. e4 c5 2. Nf3 Nc6 3. d4 cxd4 4. Nxd4 Nf6 5. Nc3 e5 6. Ndb5 d6 7. Nd5 Nxd5 8.
exd5 Nb8 9. c4 Be7 10. Be2 O-O 11. O-O a6 12. Nc3 f5 13. f4 Bf6 14. Be3 Nd7 15.
Qc2 exf4 16. Bxf4 Ne5 17. Rac1 Ng6 18. Be3 Be5 19. Bf2 Qg5 20. Qd3 Bd7 21. b4
Rae8 22. Qf3 Qf6 23. Rfe1 Nf4 24. Bf1 g5 25. Ne2 g4 26. Qb3 Ng6 27. Ng3 Qg5 28.
c5 h5 29. Be3 f4 30. Ne4 Qh4 31. Bf2 g3 32. hxg3 fxg3 33. Bxg3 Bd4+ 34. Re3
Qxe4 0-1

[Event "España ch sub-14 2007"]
[Site "Linares ESP"]
[Date "2007.07.19"]
[Round "8.5"]
[White "Pozueta Alegria, Adrian"]
[Black "Rivas Crespo, Alexander"]
[Result "1/2-1/2"]
[WhiteElo "1924"]
[BlackElo "1833"]
[PlyCount "52"]
[EventDate "2007.07.15"]
[EventType "swiss"]
[EventRounds "9"]
[EventCountry "ESP"]
[Source "lmi"]
[SourceDate "2007.07.15"]

1. e4 c5 2. Nc3 e6 3. g3 Nc6 4. Bg2 Rb8 5. d3 b5 6. f4 b4 7. Nce2 Nf6 8. Nf3 d5
9. e5 Nd7 10. O-O Bb7 11. g4 Be7 12. Ng3 O-O 13. Qe2 Qc7 14. Re1 Rfe8 15. f5
exf5 16. Nxf5 Bf6 17. Nd6 Re6 18. Nxb7 Qxb7 19. Bf4 Rbe8 20. Qf2 Ncxe5 21. Bxe5
Nxe5 22. Nxe5 Bxe5 23. Kh1 Bxb2 24. Rxe6 fxe6 25. Rf1 Qd7 26. Qxc5 Bc3 1/2-1/2

[Event "España ch sub-14 2007"]
[Site "Linares ESP"]
[Date "2007.07.19"]
[Round "8.6"]
[White "Moral Garcia, Serafin"]
[Black "Forcen Esteban, Daniel"]
[Result "0-1"]
[WhiteElo "1907"]
[BlackElo "2134"]
[PlyCount "60"]
[EventDate "2007.07.15"]
[EventType "swiss"]
[EventRounds "9"]
[EventCountry "ESP"]
[Source "lmi"]
[SourceDate "2007.07.15"]

1. e4 c5 2. Nf3 d6 3. d4 cxd4 4. Nxd4 Nf6 5. Nc3 a6 6. f3 e6 7. Be3 b5 8. Qd2
Bb7 9. O-O-O Nbd7 10. g4 b4 11. Nce2 Nc5 12. Ng3 Nfd7 13. h4 d5 14. Bd3 Qc7 15.
Rh3 Nxd3+ 16. Qxd3 Ne5 17. Qb3 Bd6 18. Nh5 O-O 19. f4 Nc4 20. e5 Bc5 21. Bf2 a5
22. Qg3 Rfc8 23. Rh2 a4 24. Kb1 b3 25. cxb3 axb3 26. a3 Nxb2 27. Nb5 Qa5 28.
Be1 Qxb5 29. Rxb2 Rxa3 30. Rd3 Qa4 0-1

[Event "España ch sub-14 2007"]
[Site "Linares ESP"]
[Date "2007.07.19"]
[Round "8.7"]
[White "Colon Garcia, Enrique"]
[Black "Jimenez Lupiañez, Laura"]
[Result "1/2-1/2"]
[WhiteElo "2041"]
[BlackElo "1935"]
[PlyCount "72"]
[EventDate "2007.07.15"]
[EventType "swiss"]
[EventRounds "9"]
[EventCountry "ESP"]
[Source "lmi"]
[SourceDate "2007.07.15"]

1. Nf3 d5 2. d4 Nf6 3. c4 c6 4. e3 Bf5 5. cxd5 cxd5 6. Nc3 e6 7. Ne5 a6 8. g4
Bg6 9. h4 h6 10. Nxg6 fxg6 11. Bd3 Kf7 12. Qf3 Bd6 13. g5 hxg5 14. hxg5 Rxh1+
15. Qxh1 Ng8 16. Qf3+ Ke7 17. Bxg6 Qf8 18. Qxf8+ Kxf8 19. Bd2 Ne7 20. Bd3 Kf7
21. f4 Nbc6 22. Kf2 Rh8 23. Kg2 Nb4 24. Be2 Nf5 25. Rc1 Nh4+ 26. Kf2 Nf5 27. a3
Nc6 28. Kg2 Na5 29. Bd3 Nb3 30. Bxf5 Nxd2 31. Bd3 b5 32. Rc2 Nc4 33. Bxc4 bxc4
34. Rf2 Kg6 35. Kf3 Rh3+ 36. Ke2 Kf5 1/2-1/2

[Event "España ch sub-14 2007"]
[Site "Linares ESP"]
[Date "2007.07.19"]
[Round "8.8"]
[White "Fernandez Garcia, Jose Miguel"]
[Black "Anaya Lopez, Gonzalo"]
[Result "1-0"]
[WhiteElo "2036"]
[BlackElo "1724"]
[PlyCount "77"]
[EventDate "2007.07.15"]
[EventType "swiss"]
[EventRounds "9"]
[EventCountry "ESP"]
[Source "lmi"]
[SourceDate "2007.07.15"]

1. c4 e5 2. Nc3 Nc6 3. g3 f5 4. Bg2 d6 5. d3 Nf6 6. Rb1 a5 7. a3 Be7 8. b4 axb4
9. axb4 O-O 10. b5 Nd4 11. Bd2 Qe8 12. Nf3 Ne6 13. O-O Qh5 14. Nd5 Bd8 15. e3
Ng4 16. h3 Nf6 17. Nh4 Qf7 18. Nxf5 Nxd5 19. cxd5 Qxf5 20. e4 Qg6 21. dxe6 Bxe6
22. Kh2 Be7 23. f4 Qf6 24. Bc3 Ra2 25. Rb2 Rxb2 26. Bxb2 Bd7 27. fxe5 Qg5 28.
Qb3+ Kh8 29. exd6 Rxf1 30. dxe7 Rf2 31. Bd4 Rxg2+ 32. Kxg2 Qxe7 33. Qd5 Qe8 34.
Qxb7 Bxb5 35. Qxc7 Qf8 36. Bxg7+ Qxg7 37. Qb8+ Qg8 38. Qe5+ Qg7 39. Qxb5 1-0

[Event "España ch sub-14 2007"]
[Site "Linares ESP"]
[Date "2007.07.19"]
[Round "8.9"]
[White "Pruja Ramirez De Cartagena, Marc"]
[Black "Vidal Zamora, Alex"]
[Result "1/2-1/2"]
[WhiteElo "2022"]
[BlackElo "1892"]
[PlyCount "60"]
[EventDate "2007.07.15"]
[EventType "swiss"]
[EventRounds "9"]
[EventCountry "ESP"]
[Source "lmi"]
[SourceDate "2007.07.15"]

1. e4 c5 2. Nf3 e6 3. d3 Nc6 4. g3 g6 5. Bg2 Bg7 6. O-O Nge7 7. Re1 O-O 8. c3
d5 9. e5 Qc7 10. Bf4 b6 11. Nbd2 Ba6 12. Nf1 Rad8 13. h4 h5 14. N1h2 b5 15. d4
cxd4 16. cxd4 Qb6 17. Bh3 Nf5 18. Bxf5 exf5 19. Qd2 Qa5 20. Rac1 Qxd2 21. Bxd2
Bb7 22. Rc5 a6 23. Rec1 Rc8 24. a3 Rfd8 25. Nf1 Bf8 26. R5c2 a5 27. Bg5 Rd7 28.
Bd2 Rdd8 29. Bg5 Rd7 30. Bd2 Rdd8 1/2-1/2

[Event "España ch sub-14 2007"]
[Site "Linares ESP"]
[Date "2007.07.19"]
[Round "8.10"]
[White "Garcia Gil, Bernandino"]
[Black "Triviño Oliva, Diego"]
[Result "1-0"]
[WhiteElo "1920"]
[BlackElo "1876"]
[PlyCount "75"]
[EventDate "2007.07.15"]
[EventType "swiss"]
[EventRounds "9"]
[EventCountry "ESP"]
[Source "lmi"]
[SourceDate "2007.07.15"]

1. e4 c5 2. Nf3 d6 3. Bc4 Nc6 4. Nc3 Nf6 5. O-O Bg4 6. h3 Bh5 7. b3 e6 8. Bb2
Be7 9. Re1 O-O 10. Be2 a6 11. a4 Bg6 12. d3 Nd7 13. d4 cxd4 14. Nxd4 e5 15. Nf3
Nf6 16. Bc4 Rc8 17. Qd2 Qa5 18. Rad1 Rfd8 19. Bd5 Rc7 20. Bxc6 bxc6 21. Ba3
Rcd7 22. Nd5 Qxd2 23. Nxe7+ Rxe7 24. Nxd2 Red7 25. c4 d5 26. exd5 cxd5 27. c5
e4 28. f3 h6 29. b4 Rb8 30. fxe4 dxe4 31. Nxe4 Bxe4 32. Rxd7 Nxd7 33. Rxe4 Rc8
34. Re7 Nb8 35. b5 axb5 36. axb5 Kf8 37. c6 Kg8 38. c7 1-0

[Event "España ch sub-14 2007"]
[Site "Linares ESP"]
[Date "2007.07.19"]
[Round "8.11"]
[White "Llamazares Lopez, Marcos"]
[Black "Carreira Casais, Anxo"]
[Result "1-0"]
[WhiteElo "1959"]
[BlackElo "1559"]
[PlyCount "83"]
[EventDate "2007.07.15"]
[EventType "swiss"]
[EventRounds "9"]
[EventCountry "ESP"]
[Source "lmi"]
[SourceDate "2007.07.15"]

1. Nf3 c5 2. g3 Nc6 3. Bg2 e6 4. d3 g6 5. e4 Bg7 6. Nbd2 Nge7 7. O-O O-O 8. Nh4
d5 9. f4 b6 10. Nhf3 a5 11. e5 Ra7 12. c3 Rd7 13. d4 Ba6 14. Re1 h6 15. Nb3
cxd4 16. Nbxd4 Qc7 17. Be3 Rc8 18. Qb3 Bc4 19. Qc2 Qb7 20. h4 Nxd4 21. Nxd4 Nc6
22. Bf3 Nxd4 23. Bxd4 Qa6 24. Qf2 Rb7 25. h5 Bd3 26. Rad1 gxh5 27. Bxh5 Bg6 28.
Be2 Qa8 29. g4 Qb8 30. f5 Bh7 31. f6 Bf8 32. Ba6 b5 33. Bxb7 Qxb7 34. g5 h5 35.
Re3 b4 36. Rh3 Bg6 37. Qh2 bxc3 38. bxc3 Bc5 39. Rxh5 Bxd4+ 40. cxd4 Bxh5 41.
Qxh5 Rb8 42. Qh6 1-0

[Event "España ch sub-14 2007"]
[Site "Linares ESP"]
[Date "2007.07.19"]
[Round "8.12"]
[White "Galan Martin, Alejandro"]
[Black "Beltran De Heredia Eguiazabal, Miguel Angel"]
[Result "0-1"]
[WhiteElo "1843"]
[BlackElo "1938"]
[PlyCount "76"]
[EventDate "2007.07.15"]
[EventType "swiss"]
[EventRounds "9"]
[EventCountry "ESP"]
[Source "lmi"]
[SourceDate "2007.07.15"]

1. e4 c5 2. Nf3 Nc6 3. d4 cxd4 4. Nxd4 Nf6 5. Nc3 e5 6. Ndb5 d6 7. Bg5 a6 8.
Na3 b5 9. Nd5 Be7 10. Bxf6 Bxf6 11. c3 Ne7 12. Nxf6+ gxf6 13. Bd3 Bb7 14. O-O
d5 15. Qf3 f5 16. Qg3 dxe4 17. Qxe5 Rg8 18. Be2 Qd5 19. Qxd5 Nxd5 20. Rfe1 Nf4
21. Bf1 Nh3+ 22. Kh1 Nxf2+ 23. Kg1 Nh3+ 24. Kh1 O-O-O 25. Nc2 Nf2+ 26. Kg1 Nd3
27. Reb1 f4 28. a4 e3 29. Nd4 Ne5 30. Re1 Rxd4 31. cxd4 Nf3+ 32. Kh1 Nxe1 33.
Rxe1 f3 34. Rc1+ Kb8 35. Bd3 f2 36. h3 Rxg2 37. Rf1 Rg4+ 38. Kh2 Rxd4 0-1

[Event "España ch sub-14 2007"]
[Site "Linares ESP"]
[Date "2007.07.20"]
[Round "9.1"]
[White "Pardo Simon, David"]
[Black "Coll Ortega, Jordi"]
[Result "1-0"]
[WhiteElo "2080"]
[BlackElo "2105"]
[PlyCount "103"]
[EventDate "2007.07.15"]
[EventType "swiss"]
[EventRounds "9"]
[EventCountry "ESP"]
[Source "lmi"]
[SourceDate "2007.07.15"]

1. e4 c5 2. Nf3 d6 3. d4 cxd4 4. Nxd4 Nf6 5. Nc3 a6 6. Bg5 e6 7. Qd2 Be7 8. f4
Qc7 9. O-O-O Nc6 10. Nb3 Bd7 11. Be2 h5 12. Bf3 O-O-O 13. Rhe1 Kb8 14. Kb1 Bc8
15. Qe2 Ng8 16. Bxe7 Ngxe7 17. Rd2 g6 18. Nd5 exd5 19. exd5 Bd7 20. dxc6 Nxc6
21. Red1 Rhe8 22. Qf2 Bf5 23. Bxc6 Qxc6 24. Nd4 Qc5 25. Nxf5 Qxf5 26. b3 d5 27.
g3 Rd7 28. Qd4 Red8 29. Re1 f6 30. Kb2 Rc8 31. Re3 Rdc7 32. c3 Rd7 33. c4 Rcd8
34. c5 Rc8 35. b4 b6 36. Rc3 Qe6 37. cxb6 Rxc3 38. Kxc3 Kb7 39. a4 Qxb6 40.
Qxb6+ Kxb6 41. Kd4 Re7 42. Rc2 Re4+ 43. Kxd5 Rxb4 44. Rc6+ Ka5 45. Rxf6 Rb2 46.
h4 Rb4 47. Rxg6 Rxa4 48. f5 Ra1 49. f6 Rf1 50. Ke6 Re1+ 51. Kf7 Kb4 52. Kg7 1-0

[Event "España ch sub-14 2007"]
[Site "Linares ESP"]
[Date "2007.07.20"]
[Round "9.2"]
[White "Arribas Lopez, Angel"]
[Black "Antolin Concha, Diego"]
[Result "1-0"]
[WhiteElo "2292"]
[BlackElo "2077"]
[PlyCount "87"]
[EventDate "2007.07.15"]
[EventType "swiss"]
[EventRounds "9"]
[EventCountry "ESP"]
[Source "lmi"]
[SourceDate "2007.07.15"]

1. e4 c5 2. Nf3 d6 3. c3 Nf6 4. h3 g6 5. Bd3 Bg7 6. O-O O-O 7. Bc2 Nc6 8. d4
cxd4 9. cxd4 d5 10. e5 Ne4 11. Nc3 Nxc3 12. bxc3 Na5 13. Bf4 Be6 14. Rc1 Qd7
15. Bd3 Rac8 16. Re1 Nc4 17. Qe2 Rc7 18. Ng5 Rfc8 19. Qf3 Rc6 20. Nxe6 Qxe6 21.
g4 a6 22. h4 Nb2 23. Bf1 Qd7 24. Bg2 e6 25. h5 Qc7 26. Bd2 b5 27. Rc2 Na4 28.
Rec1 Bf8 29. Bf1 Qd8 30. Kg2 R8c7 31. Bd3 Qc8 32. Qh3 Qe8 33. Rh1 Ba3 34. Qh4
Be7 35. Qh3 Ba3 36. Kg3 Bb2 37. Qh4 Bxc3 38. Bh6 Qe7 39. Bg5 Qe8 40. Bf6 Nb2
41. Be2 Bxd4 42. Rxc6 Qxc6 43. Bg7 Qc2 44. Qd8+ 1-0

[Event "España ch sub-14 2007"]
[Site "Linares ESP"]
[Date "2007.07.20"]
[Round "9.3"]
[White "Anaya Lopez, Victor"]
[Black "Fernandez Garcia, Jose Miguel"]
[Result "1/2-1/2"]
[WhiteElo "1959"]
[BlackElo "2036"]
[PlyCount "123"]
[EventDate "2007.07.15"]
[EventType "swiss"]
[EventRounds "9"]
[EventCountry "ESP"]
[Source "lmi"]
[SourceDate "2007.07.15"]

1. e4 c5 2. Nf3 e6 3. d4 cxd4 4. Nxd4 a6 5. c4 Qc7 6. Nc3 Nf6 7. a3 Be7 8. Be2
d6 9. O-O Nbd7 10. Be3 O-O 11. Rc1 b6 12. Qd2 Nc5 13. Qc2 Bb7 14. f3 Rac8 15.
b4 Ncd7 16. Qd2 Qb8 17. Rfd1 Bd8 18. Nb3 Bc7 19. Bf4 Ne8 20. Kh1 Ndf6 21. c5
bxc5 22. bxc5 dxc5 23. Bxc7 Rxc7 24. Na4 Bxe4 25. Naxc5 Bb7 26. Bxa6 Bd5 27.
Bc4 Qa7 28. Bxd5 exd5 29. a4 Nd6 30. Qd4 Rfc8 31. g4 h6 32. h4 Nb7 33. Nd3 Qxd4
34. Nxd4 Rc4 35. Nb5 Nd7 36. Rxc4 Rxc4 37. Nb2 Rc2 38. Nd3 Rc4 39. Nb2 Rb4 40.
Rxd5 Nb6 41. Rd2 Nxa4 42. Nxa4 Rxa4 43. Kg2 Rb4 44. Nd4 Rc4 45. Nf5 Rc7 46. Nd4
Rd7 47. Nb3 Re7 48. Kf2 g6 49. Nd4 Nc5 50. Nc6 Re6 51. Nd4 Rf6 52. Ke3 Ra6 53.
Nc2 Ne6 54. Nd4 Ra3+ 55. Rd3 Rxd3+ 56. Kxd3 h5 57. Nxe6 fxe6 58. Ke4 hxg4 59.
fxg4 Kf8 60. Kf4 Ke8 61. Ke5 Kf7 62. Ke4 1/2-1/2

[Event "España ch sub-14 2007"]
[Site "Linares ESP"]
[Date "2007.07.20"]
[Round "9.4"]
[White "Forcen Esteban, Daniel"]
[Black "Pozueta Alegria, Adrian"]
[Result "1-0"]
[WhiteElo "2134"]
[BlackElo "1924"]
[PlyCount "105"]
[EventDate "2007.07.15"]
[EventType "swiss"]
[EventRounds "9"]
[EventCountry "ESP"]
[Source "lmi"]
[SourceDate "2007.07.15"]

1. e4 e6 2. d4 d5 3. Nc3 Bb4 4. e5 c5 5. a3 Ba5 6. b4 cxd4 7. Nb5 Bc7 8. f4 f5
9. Nf3 Nh6 10. Nxc7+ Qxc7 11. Bb2 Nc6 12. Nxd4 a6 13. Qd2 O-O 14. Bd3 Qb6 15.
Nf3 Ng4 16. h3 Ne3 17. Bc1 Nc4 18. Bxc4 dxc4 19. Qc3 a5 20. Rb1 Qb5 21. O-O
axb4 22. axb4 Ra4 23. Nd2 Rd8 24. Nxc4 Rxb4 25. Nd6 Qa4 26. Rxb4 Qxb4 27. Qxb4
Nxb4 28. c4 Bd7 29. Nxb7 Rc8 30. Nd6 Ra8 31. Bd2 Nd3 32. Rb1 h6 33. Be3 Bc6 34.
g4 fxg4 35. hxg4 Ra2 36. Rd1 Rg2+ 37. Kf1 Nb4 38. f5 Nc2 39. Bc5 Rxg4 40. fxe6
Rg6 41. Rc1 Rxe6 42. Rxc2 Rxe5 43. Bd4 Re6 44. c5 g5 45. Ra2 Kh7 46. Ra7+ Kg6
47. Rc7 Bd5 48. Kf2 g4 49. Kg3 Kh5 50. Rg7 Bf3 51. Nf5 Rg6 52. Rxg6 Kxg6 53.
Nh4+ 1-0

[Event "España ch sub-14 2007"]
[Site "Linares ESP"]
[Date "2007.07.20"]
[Round "9.5"]
[White "Baragaño Campa, David"]
[Black "Rivas Crespo, Alexander"]
[Result "1/2-1/2"]
[WhiteElo "2031"]
[BlackElo "1833"]
[PlyCount "54"]
[EventDate "2007.07.15"]
[EventType "swiss"]
[EventRounds "9"]
[EventCountry "ESP"]
[Source "lmi"]
[SourceDate "2007.07.15"]

1. e4 c5 2. Nf3 d6 3. c3 Nf6 4. Be2 e6 5. O-O Be7 6. Re1 O-O 7. Bf1 b6 8. d4
Bb7 9. Nbd2 Qc7 10. b3 Rd8 11. Bb2 d5 12. e5 Ne4 13. Nxe4 dxe4 14. Nd2 cxd4 15.
cxd4 Bb4 16. Rc1 Qe7 17. Re3 Bxd2 18. Qxd2 Na6 19. g3 Qg5 20. Re2 Qxd2 21. Rxd2
Nb4 22. Rc4 Nd3 23. Bxd3 exd3 24. Rc7 Ba6 25. f3 Rdc8 26. Rxc8+ Rxc8 27. Kf2
Kf8 1/2-1/2